[Event "Paris FRA"]
[Site "?"]
[Date "2005.07.??"]
[Round "9.23"]
[White "Mingachev Mansur"]
[Black "Roos Jean Luc"]
[Result "1-0"]
[WhiteElo "2337"]
[BlackElo "2285"]
[PlyCount "114"]
[EventDate "2005.??.??"]
[Source "www.chesslib.no"]
[SourceDate "2004.05.04"]

1. d4 d5 2. e3 Nf6 3. Bd3 g6 4. f4 Bg7 5. Nf3 c5 6. c3 b6 7. O-O O-O 8. Qe2 a5 9. Nbd2 Ba6 10. b3 Bxd3 11. Qxd3 a4 12. Ba3 Qc7 13. c4 Rd8 14. Ne5 Nc6 15. Ndf3 e6 16. Ng5 dxc4 17. Qxc4 Nd5 18. Ngxf7 Re8 19. Qd3 axb3 20. axb3 cxd4 21. exd4 Nxe5 22. fxe5 Qc3 23. Qxc3 Nxc3 24. Nd6 Red8 25. Bb2 Nd5 26. Ne4 Ne3 27. Rfc1 Rxa1 28. Rxa1 Nc2 29. Ra7 Nxd4 30. Nf6+ Bxf6 31. exf6 Nb5 32. Rg7+ Kf8 33. h4 Rd2 34. Be5 Rd5 35. Bf4 Rf5 36. Bg5 Nd4 37. Rb7 b5 38. Rxh7 Nxb3 39. g4 Rf3 40. Rd7 Nc5 41. Re7 Ne4 42. Bh6+ Kg8 43. g5 Nxf6 44. gxf6 Rxf6 45. Bg5 Rf5 46. Rxe6 Kf7 47. Rb6 Kg7 48. Kg2 Kf7 49. Kg3 Kg7 50. Kg4 Rc5 51. Rb7+ Kg8 52. Kf4 Rf5+ 53. Ke4 Rc5 54. Kd4 Rf5 55. Kc3 Rd5 56. Kb4 Re5 57. Rxb5 Rxb5+ 1-0

[Event "3. Atom Cup IM"]
[Site "?"]
[Date "1998.09.25"]
[Round "7"]
[White "Berkes Ferenc"]
[Black "Toth Andras"]
[Result "0-1"]
[WhiteElo "2290"]
[BlackElo "2330"]
[PlyCount "76"]
[EventDate "1998.??.??"]
[Source "www.chesslib.no"]
[SourceDate "2004.05.04"]

1. d4 d5 2. e3 Nf6 3. Bd3 c5 4. c3 Nc6 5. f4 g6 6. Nf3 Bf5 7. dxc5 Bxd3 8. Qxd3 Ne4 9. b4 Bg7 10. Nd4 e5 11. Ne2 O-O 12. O-O exf4 13. Nd4 a5 14. b5 Nxc5 15. Qc2 Ne5 16. exf4 Nc4 17. Na3 Re8 18. Rd1 Ne3 19. Bxe3 Rxe3 20. Qc1 Qe7 21. Re1 Re8 22. Nac2 Rxe1+ 23. Qxe1 Qxe1+ 24. Rxe1 Rxe1+ 25. Nxe1 Ne4 26. Ne2 Bxc3 27. Nd3 Bg7 28. g4 b6 29. Kg2 Kf8 30. Kf3 Ke7 31. Ke3 Nd6 32. a4 Nc4+ 33. Kf3 Nb2 34. Nxb2 Bxb2 35. Ke3 Kd6 36. Kd3 Kc5 37. Kc2 Bg7 38. Kb3 d4 0-1

[Event "Budapest FS10 IM-A"]
[Site "Budapest"]
[Date "2001.10.16"]
[Round "11"]
[White "Blasko, Istvan"]
[Black "Gonda, Laszlo"]
[Result "1-0"]
[WhiteElo "2310"]
[BlackElo "2309"]
[PlyCount "67"]
[EventDate "2001.10.06"]
[Source "ChessBase"]
[SourceDate "2001.10.26"]

1. d4 d5 2. e3 Nf6 3. Bd3 e6 4. f4 Be7 5. Nf3 O-O 6. Nbd2 c5 7. c3 b6 8. Ne5 Ba6 9. Bxa6 Nxa6 10. Qe2 Nc7 11. g4 Nd7 12. O-O f6 13. Nc6 Qe8 14. Nxe7+ Qxe7 15. dxc5 Nxc5 16. e4 Rad8 17. exd5 Rxd5 18. Nf3 Rfd8 19. Be3 Qd7 20. h3 Ne8 21. Bd4 Qd6 22. Rae1 Nc7 23. Qe3 Qc6 24. Rf2 R5d7 25. c4 N5a6 26. b3 b5 27. Rc1 bxc4 28. bxc4 Nc5 29. g5 Ne4 30. Rg2 Kf8 31. gxf6 gxf6 32. Re1 Nd2 33. Rxd2 Rg7+ 34. Rg2 1-0

[Event "WT/M\\434 corr"]
[Site "WT/M\\434 corr"]
[Date "1991.??.??"]
[Round "?"]
[White "Elfving, Jorn"]
[Black "Butze, Roland"]
[Result "1/2-1/2"]
[WhiteElo "2225"]
[BlackElo "2390"]
[PlyCount "93"]
[EventDate "1991.??.??"]
[Source "www.chesslib.no"]
[SourceDate "2004.05.04"]

1. d4 d5 2. e3 Nf6 3. Bd3 e6 4. Nd2 b6 5. c3 c5 6. f4 Nbd7 7. Ngf3 Bb7 8. O-O g6 9. Ne5 Bg7 10. g4 c4 11. Bc2 Qc7 12. Ndf3 Nxe5 13. Nxe5 b5 14. Bd2 a6 15. Be1 Ne4 16. Bg3 Nxg3 17. hxg3 f6 18. Nf3 O-O-O 19. a4 e5 20. g5 e4 21. gxf6 Bxf6 22. Ne5 Kb8 23. Qd2 g5 24. axb5 axb5 25. Kf2 Rhg8 26. Rh1 gxf4 27. gxf4 Rg7 28. Rag1 Rdg8 29. Rxg7 Qxg7 30. Kf1 Bc8 31. Qh2 Bf5 32. Bd1 Kc7 33. Bh5 Ra8 34. Kf2 Ra2 35. Rb1 Qh6 36. Nf7 Qf8 37. Ne5 b4 38. Bg4 Bxe5 39. Bxf5 Qxf5 40. dxe5 bxc3 41. Qh6 Qg6 42. Qf8 Qb6 43. Qf7+ Kc6 44. e6 Qxb2+ 45. Rxb2 cxb2 46. Qe8+ Kc7 47. Qd7+ 1/2-1/2

[Event "Simferopol/Alushta women"]
[Site "Alushta UKR"]
[Date "1992.??.??"]
[Round "?"]
[White "Semenova, Lidia K"]
[Black "Lelchuk, Zoja"]
[Result "1/2-1/2"]
[WhiteElo "2270"]
[BlackElo "2335"]
[PlyCount "155"]
[EventDate "1992.??.??"]
[Source "www.chesslib.no"]
[SourceDate "2004.05.04"]

1. d4 d5 2. e3 Nf6 3. Bd3 c5 4. b3 Nc6 5. Nf3 Qc7 6. Bb2 Bg4 7. a3 e6 8. h3 Bxf3 9. Qxf3 cxd4 10. exd4 Be7 11. Nd2 O-O 12. O-O g6 13. Qe3 Nh5 14. g3 Bf6 15. f4 Bg7 16. Kg2 Rae8 17. Nf3 f6 18. Rae1 g5 19. Ng1 gxf4 20. Qf3 Qf7 21. gxf4 f5 22. Ne2 Kh8 23. Kh2 Rg8 24. Rg1 Nf6 25. Bc1 Ne4 26. Be3 Qe7 27. b4 Qh4 28. Bxe4 fxe4 29. Qf2 Bf6 30. c3 Ne7 31. Qxh4 Bxh4 32. Ref1 Nf5 33. Bd2 b5 34. Rg4 h5 35. Rgg1 Kh7 36. Ra1 Bf2 37. Rg5 Nh4 38. Rxh5+ Kg6 39. Rg5+ Kf6 40. Kh1 Nf3 41. Rf1 Bh4 42. Rxg8 Rxg8 43. Be3 Be1 44. Bf2 Bxf2 45. Rxf2 Nh4 46. f5 Nxf5 47. Kh2 Ke7 48. Rf4 Ne3 49. Ng3 Rc8 50. Ne2 Rg8 51. Ng3 Rf8 52. Rxf8 Kxf8 53. Ne2 Kf7 54. Kg3 Kf6 55. Kf4 Nc4 56. h4 Nxa3 57. h5 Nc4 58. Ng3 Nb2 59. Ne2 Nd3+ 60. Kg4 Nf2+ 61. Kf4 Nd3+ 62. Kg4 a6 63. Ng3 Nb2 64. Ne2 Nd3 65. Ng3 Nc1 66. Kf4 Kg7 67. Ke5 Kf7 68. Kf4 Kf6 69. Kg4 Kg7 70. Kf4 Kh6 71. Kg4 e3 72. Kf3 e2 73. Kf2 Kg5 74. Nxe2 Nxe2 75. Kxe2 Kxh5 76. Kf3 Kg6 77. Kg4 Kf6 78. Kf4 1/2-1/2

[Event "Ch (Men) Mexico City MEX"]
[Site "?"]
[Date "2006.04.15"]
[Round "7"]
[White "Hernandez Yadira"]
[Black "Estrada Nieto Julian"]
[Result "0-1"]
[WhiteElo "2225"]
[BlackElo "2370"]
[PlyCount "56"]
[EventDate "2006.??.??"]
[Source "www.chesslib.no"]
[SourceDate "2004.05.04"]

1. d4 d5 2. e3 Nf6 3. Bd3 c5 4. c3 Qc7 5. f4 g6 6. Nf3 Bg7 7. O-O Bg4 8. h3 Bxf3 9. Qxf3 O-O 10. Nd2 Nbd7 11. Qd1 Ne8 12. Nf3 Nd6 13. Bd2 Nf6 14. Ne5 Nfe4 15. Rc1 c4 16. Bb1 b5 17. Be1 a5 18. Rc2 Qb7 19. a3 f6 20. Nf3 Nf5 21. Qc1 e5 22. Kh2 exf4 23. exf4 Qc7 24. g4 Bh6 25. g5 fxg5 26. Re2 gxf4 27. Bxe4 dxe4 28. Rxe4 Ng3 0-1

[Event "Golden Cleopatra op"]
[Site "Cairo"]
[Date "2001.05.10"]
[Round "9"]
[White "Afifi, Assem"]
[Black "Rahman, Yehya"]
[Result "0-1"]
[WhiteElo "2326"]
[BlackElo "2267"]
[PlyCount "80"]
[EventDate "2001.05.02"]
[Source "ChessBase"]
[SourceDate "2001.07.03"]

1. d4 d5 2. e3 Nf6 3. Bd3 c6 4. c3 Bg4 5. Qc2 Bh5 6. Nd2 Nbd7 7. f4 g5 8. fxg5 Ng4 9. Nf1 e5 10. h3 e4 11. Be2 Qxg5 12. hxg4 Bxg4 13. Bxg4 Qxg4 14. Qe2 Qg7 15. Nh3 O-O-O 16. Bd2 Bd6 17. Nf4 Kb8 18. O-O-O Nb6 19. b3 c5 20. dxc5 Bxc5 21. Kb1 Rhg8 22. Be1 Rd7 23. Qh5 a5 24. Qxh7 Qf8 25. Rh5 a4 26. Kc2 axb3+ 27. axb3 Bd6 28. Qf5 Rc7 29. Rg5 Rxg5 30. Qxg5 f6 31. Qf5 Be5 32. Ra1 Qb4 33. Ne2 Qb5 34. Nc1 Qc5 35. Na2 Qa3 36. Bg3 Na4 37. Bxe5 Qb2+ 38. Kd1 Qxa1+ 39. Nc1 Nb2+ 40. Kd2 fxe5 0-1

[Event "Novi Sad ol (Men)"]
[Site "Novi Sad YUG"]
[Date "1990.??.??"]
[Round "6"]
[White "Warlick, John W"]
[Black "De Castro, Edgar"]
[Result "0-1"]
[WhiteElo "2205"]
[BlackElo "2385"]
[PlyCount "92"]
[EventDate "1990.11.??"]
[Source "www.chesslib.no"]
[SourceDate "2004.05.04"]

1. d4 d5 2. e3 Nf6 3. Bd3 e6 4. f4 c5 5. c3 Be7 6. Nf3 O-O 7. O-O b6 8. Nbd2 Ba6 9. c4 dxc4 10. Nxc4 b5 11. Nce5 c4 12. Bc2 Qc7 13. Ng5 h6 14. Rf3 Nbd7 15. Rh3 Bb7 16. Ng4 Qc6 17. Nxh6+ gxh6 18. Ne4 Nxe4 19. Qg4+ Ng5 20. e4 Nf6 21. Qg3 Nfxe4 22. Bxe4 Qxe4 23. fxg5 Qxg2+ 24. Qxg2 Bxg2 25. Kxg2 hxg5 26. Rg3 f6 27. h4 Kf7 28. h5 Rh8 29. Rh3 Rad8 30. Be3 g4 31. Rh2 f5 32. Rd1 a5 33. h6 Kg6 34. Rdh1 Rh7 35. Rh5 Bf6 36. a3 Rdd7 37. Bd2 Rxd4 38. Bxa5 Re4 39. R5h2 Be5 40. Rh4 Bxb2 41. Bb4 c3 42. Rf1 c2 43. Rhh1 Re2+ 44. Rf2 Rxf2+ 45. Kxf2 c1=Q 46. Rxc1 Bxc1 0-1

[Event "GEO olympiad select (Women)"]
[Site "?"]
[Date "2001.09.24"]
[Round "4"]
[White "Khurtsilava Inga"]
[Black "Khukhashvili Sopiko"]
[Result "0-1"]
[WhiteElo "2261"]
[BlackElo "2320"]
[PlyCount "80"]
[EventDate "2001.??.??"]
[Source "www.chesslib.no"]
[SourceDate "2004.05.04"]

1. d4 d5 2. e3 Nf6 3. Bd3 g6 4. Nd2 Bg7 5. c3 O-O 6. h4 Nc6 7. h5 e5 8. hxg6 hxg6 9. Bb5 exd4 10. exd4 Re8+ 11. Ne2 a6 12. Bd3 Bg4 13. Nf1 Qd6 14. Be3 Ne7 15. Qd2 Bf5 16. Bf4 Qb6 17. O-O-O c5 18. dxc5 Qa5 19. Bh6 Qxa2 20. Bxg7 Qa1+ 21. Kc2 Qa4+ 22. Kc1 Qa1+ 23. Kc2 Qa4+ 24. Kb1 Ne4 25. Bf6 Nxd2+ 26. Rxd2 Kf8 27. Bxf5 gxf5 28. Nfg3 Ng8 29. Rh8 Re6 30. Rd4 Qb5 31. c4 Qb4 32. Bg5 Qe1+ 33. Bc1 Rxe2 34. Nxe2 Qxe2 35. Rxd5 Qe4+ 36. Ka1 Qxc4 37. Bh6+ Ke7 38. Bg5+ f6 39. Re5+ Kf7 40. Rxf5 Qa4+ 0-1

[Event "RUS-chT (club)"]
[Site "?"]
[Date "1999.??.??"]
[Round "?"]
[White "Bogachev Alexandr"]
[Black "Sitnikov Dmitrij"]
[Result "0-1"]
[WhiteElo "2220"]
[BlackElo "2349"]
[PlyCount "68"]
[EventDate "1999.??.??"]
[Source "www.chesslib.no"]
[SourceDate "2004.05.04"]

1. d4 d5 2. e3 Nf6 3. Bd3 c5 4. c3 Nc6 5. f4 Bg4 6. Nf3 e6 7. Nbd2 Bd6 8. a3 Rc8 9. O-O cxd4 10. cxd4 O-O 11. Qe1 Bf5 12. Qe2 Qb6 13. Kh1 Rc7 14. b4 Rfc8 15. Ne5 Ne7 16. Bxf5 exf5 17. Nb3 Rc2 18. Qd1 Ne4 19. Kg1 Qb5 20. Nd3 b6 21. Ne1 R2c7 22. Nd3 Rc3 23. Nb2 a5 24. Re1 axb4 25. a4 Qa6 26. Nd2 b3 27. Nxb3 Bb4 28. Rf1 Kh8 29. Rb1 Ng8 30. Nd2 Rxc1 31. Rxc1 Rxc1 32. Qxc1 Bxd2 33. Qb1 Bxe3+ 34. Kh1 Nd2 0-1

[Event "NED Team Ch 9596"]
[Site "NED"]
[Date "1995.??.??"]
[Round "?"]
[White "Bierenbroodspot, Paul"]
[Black "Hartmans, Eddy"]
[Result "1-0"]
[WhiteElo "2300"]
[BlackElo "2250"]
[PlyCount "95"]
[EventDate "1995.??.??"]
[Source "www.chesslib.no"]
[SourceDate "2004.05.04"]

1. d4 d5 2. e3 Nf6 3. Bd3 g6 4. f4 Bg7 5. Nf3 O-O 6. Nbd2 b6 7. Qe2 Bb7 8. O-O c5 9. c3 Nbd7 10. Ne5 Ne4 11. Qg4 f5 12. Qh3 Nxe5 13. fxe5 Nxd2 14. Bxd2 e6 15. Rf3 a5 16. Raf1 Ba6 17. Bxa6 Rxa6 18. Be1 b5 19. g4 b4 20. Bh4 Qc7 21. Bg5 bxc3 22. bxc3 cxd4 23. exd4 Rc6 24. Bd2 Rc4 25. gxf5 Rxf5 26. Rxf5 exf5 27. Rb1 h5 28. Qg2 Qc6 29. Rb8+ Kf7 30. Qe2 Qe6 31. Rd8 Bf8 32. Qg2 Be7 33. Rh8 Rc6 34. Rh7+ Ke8 35. Bg5 Rxc3 36. Qb2 Bb4 37. Bd2 f4 38. Bxc3 Qg4+ 39. Kf2 Qh4+ 40. Kf1 Qh3+ 41. Qg2 Qd3+ 42. Qe2 Qxe2+ 43. Kxe2 Bxc3 44. Kf3 Bxd4 45. Kxf4 Bg1 46. h3 Bh2+ 47. Kg5 Bxe5 48. Kxg6 1-0

[Event "Bayern"]
[Site "?"]
[Date "2000.??.??"]
[Round "?"]
[White "Wachinger Guenther"]
[Black "Dalinger Valeri"]
[Result "1/2-1/2"]
[WhiteElo "2236"]
[BlackElo "2312"]
[PlyCount "80"]
[EventDate "2000.??.??"]
[Source "www.chesslib.no"]
[SourceDate "2004.05.04"]

1. d4 d5 2. e3 Nf6 3. Bd3 g6 4. Nf3 Bg7 5. O-O O-O 6. Nbd2 b6 7. c4 dxc4 8. Nxc4 Bb7 9. Qe2 Na6 10. Nce5 Nb4 11. Bc4 Ne4 12. a3 Nd5 13. Nd2 Nxd2 14. Bxd2 c5 15. Nf3 cxd4 16. exd4 e6 17. Ba6 Bxa6 18. Qxa6 Qc8 19. Qxc8 Rfxc8 20. Rfc1 Kf8 21. Kf1 h5 22. Rxc8+ Rxc8 23. Rc1 Rxc1+ 24. Bxc1 Ke7 25. Ke2 Kd6 26. Kd3 b5 27. Bd2 Nb6 28. b3 Kd5 29. Bb4 Nd7 30. a4 bxa4 31. bxa4 a6 32. Ba5 Bf8 33. h3 Bg7 34. Bc7 Bf6 35. Ba5 Nb8 36. Bc3 Nc6 37. Bb2 Bg7 38. Bc3 Bh6 39. Ne1 f5 40. Nc2 Bc1 1/2-1/2

[Event "Budapest FS10 IM-A"]
[Site "Budapest"]
[Date "2000.10.16"]
[Round "10"]
[White "Puschmann, Laszlo"]
[Black "Hoenig, Alexander"]
[Result "1-0"]
[WhiteElo "2285"]
[BlackElo "2261"]
[PlyCount "87"]
[EventDate "2000.10.07"]
[Source "ChessBase"]
[SourceDate "2000.11.10"]

1. d4 d5 2. e3 Nf6 3. Bd3 Bg4 4. Ne2 Nbd7 5. f3 Bh5 6. Ng3 Bg6 7. f4 e6 8. O-O Bd6 9. b3 c6 10. c4 Bxd3 11. Qxd3 g6 12. Nc3 O-O 13. Bb2 Be7 14. Kh1 Ne8 15. e4 dxe4 16. Ncxe4 f5 17. Nd2 Bf6 18. Qe3 Nc7 19. Nf3 Qe7 20. Rad1 Rfe8 21. Ne2 c5 22. Ba3 cxd4 23. Qc1 Qg7 24. Bd6 Rac8 25. Nexd4 a6 26. Rfe1 e5 27. fxe5 Nxe5 28. Nxe5 Bxe5 29. Bxe5 Rxe5 30. Rxe5 Qxe5 31. Nf3 Qe7 32. Qd2 Re8 33. Qa5 Ne6 34. Re1 Qd6 35. c5 Qc7 36. Qa4 Re7 37. Qc4 b5 38. Qd5 Kg7 39. Rxe6 Rxe6 40. Qxe6 Qxc5 41. Qxa6 g5 42. Qe6 Qc1+ 43. Qe1 Qf4 44. Qe7+ 1-0

[Event "Centrocoop Sept op"]
[Site "?"]
[Date "1999.??.??"]
[Round "?"]
[White "Smida Josif"]
[Black "Dolinskij Boris"]
[Result "0-1"]
[WhiteElo "2170"]
[BlackElo "2376"]
[PlyCount "62"]
[EventDate "1999.??.??"]
[Source "www.chesslib.no"]
[SourceDate "2004.05.04"]

1. d4 d5 2. e3 Nf6 3. Bd3 e6 4. Nd2 Be7 5. f4 b6 6. Qe2 a5 7. Ngf3 O-O 8. O-O c5 9. c3 Ba6 10. Ne5 Qc8 11. g4 Ne8 12. h3 Nd6 13. Rf2 f6 14. Nef3 Ne4 15. Bxa6 Nxa6 16. Nxe4 dxe4 17. Nd2 Qc6 18. f5 exf5 19. Rxf5 g6 20. Rf2 Kh8 21. a4 Nc7 22. c4 f5 23. b3 Bh4 24. Rf1 Qd6 25. Rf4 cxd4 26. gxf5 gxf5 27. Bb2 Ne6 28. Raf1 Nxf4 29. Rxf4 Bf6 30. Qf1 Be5 31. Rxf5 Qg6+ 0-1

[Event "Richmond Chess In 2nd"]
[Site "Richmond"]
[Date "1995.??.??"]
[Round "2"]
[White "Wall, Gavin"]
[Black "Maduekwe, Chiedu"]
[Result "1/2-1/2"]
[WhiteElo "2275"]
[BlackElo "2270"]
[PlyCount "74"]
[EventDate "1995.??.??"]
[Source "www.chesslib.no"]
[SourceDate "2004.05.04"]

1. d4 d5 2. e3 Nf6 3. Bd3 g6 4. f4 Bg7 5. Nf3 O-O 6. O-O c5 7. c3 b6 8. Qe2 Ne4 9. Nbd2 f5 10. Ne5 a5 11. Rf3 Ba6 12. Bxa6 Nxa6 13. Nxe4 fxe4 14. Rh3 Nc7 15. Bd2 Qc8 16. g4 Ne6 17. Rf1 cxd4 18. exd4 Bxe5 19. dxe5 Nc5 20. f5 Nd3 21. Bh6 Nxe5 22. Bxf8 Qc5+ 23. Kg2 Rxf8 24. Qd2 Qb5 25. Rd1 e6 26. fxe6 Nxg4 27. c4 dxc4 28. e7 Re8 29. Qd7 Qxd7 30. Rxd7 Nf6 31. Rd6 Kf7 32. Rxb6 Nd5 33. Rxh7+ Kg8 34. Rh6 Nxb6 35. Rxg6+ Kf7 36. Rxb6 Rxe7 37. Kf2 Rc7 1/2-1/2

[Event "otb"]
[Site "otb"]
[Date "2007.03.23"]
[Round "9"]
[White "Khamroev R"]
[Black "Egin Vladimir"]
[Result "0-1"]
[WhiteElo "2108"]
[BlackElo "2437"]
[PlyCount "54"]
[Source "www.chesslib.no"]
[SourceDate "2004.05.04"]

1. d4 d5 2. e3 Nf6 3. Bd3 Nc6 4. f4 Nb4 5. Nf3 Nxd3+ 6. cxd3 e6 7. O-O Be7 8. b4 O-O 9. a3 Bd7 10. Ne5 a5 11. bxa5 Rxa5 12. Bd2 Ra7 13. Qb3 Ne8 14. Nc3 Nd6 15. Rfc1 f6 16. Nf3 Be8 17. a4 c6 18. Nd1 Bh5 19. Ne1 g5 20. fxg5 fxg5 21. Nc2 Qe8 22. Nc3 Qg6 23. Nb4 h6 24. a5 Qe8 25. Na4 Nf5 26. Rab1 Bd6 27. a6 Qb8 0-1

[Event "Dresden (22.02.-28.02)"]
[Site "?"]
[Date "2004.02.??"]
[Round "1"]
[White "Harzer Paul"]
[Black "Chernikov Oleg"]
[Result "0-1"]
[WhiteElo "2118"]
[BlackElo "2422"]
[PlyCount "118"]
[EventDate "2004.??.??"]
[Source "www.chesslib.no"]
[SourceDate "2004.05.04"]

1. d4 d5 2. e3 Nf6 3. Bd3 c5 4. c3 Qc7 5. Nf3 Bg4 6. Nbd2 Nbd7 7. O-O e6 8. Re1 Bd6 9. h3 Bh5 10. e4 Bg6 11. Qe2 dxe4 12. Nxe4 Nxe4 13. Bxe4 O-O 14. Bxg6 hxg6 15. Be3 c4 16. Nd2 Rac8 17. Ne4 Nf6 18. Nxf6+ gxf6 19. Bh6 Rfd8 20. Qf3 Be7 21. Bf4 Qc6 22. Qxc6 Rxc6 23. Re2 b5 24. a3 a5 25. Kf1 Ra6 26. Rc2 Rc8 27. f3 Kf8 28. Ke2 Ke8 29. Kd1 Kd7 30. Re2 Kc6 31. Kc2 Kd5 32. Ree1 Rca8 33. Red1 b4 34. axb4 axb4 35. Rxa6 Rxa6 36. cxb4 Bxb4 37. Bd2 Bxd2 38. Rxd2 Ra1 39. Kc3 Rc1+ 40. Kb4 g5 41. Kb5 c3 42. bxc3 Rxc3 43. Kb4 Re3 44. Ra2 Kxd4 45. Ra7 Re2 46. Rxf7 Ke5 47. g3 Rf2 48. h4 gxh4 49. gxh4 Rxf3 50. h5 Rh3 51. Rh7 f5 52. h6 f4 53. Rh8 Ke4 54. h7 e5 55. Kc5 Rh6 56. Kc4 Rc6+ 57. Kb3 Rc7 58. Kb2 f3 59. Kb3 Rf7 0-1

[Event "RLP Ch"]
[Site "Saarburg"]
[Date "1995.??.??"]
[Round "?"]
[White "Zimmer, Ralph"]
[Black "Kargoll, Peter"]
[Result "1-0"]
[WhiteElo "2260"]
[BlackElo "2275"]
[PlyCount "46"]
[EventDate "1995.??.??"]
[Source "www.chesslib.no"]
[SourceDate "2004.05.04"]

1. d4 d5 2. e3 Nf6 3. Bd3 c5 4. c3 Qc7 5. f4 g6 6. Nf3 Bg7 7. O-O O-O 8. Qe1 b6 9. Qh4 Ba6 10. Bxa6 Nxa6 11. Nbd2 b5 12. a3 Qc8 13. Ne5 b4 14. axb4 cxb4 15. Ndf3 Rb8 16. Bd2 bxc3 17. bxc3 Rb6 18. Rfc1 Qb7 19. c4 dxc4 20. Nxc4 Rb5 21. Na5 Qb6 22. Nc6 Re8 23. Nfe5 Qb7 1-0

[Event "Golden Cleopatra op"]
[Site "Cairo"]
[Date "2001.05.11"]
[Round "10"]
[White "Afifi, Assem"]
[Black "Adly, Ahmed"]
[Result "1/2-1/2"]
[WhiteElo "2326"]
[BlackElo "2209"]
[PlyCount "30"]
[EventDate "2001.05.02"]
[Source "ChessBase"]
[SourceDate "2001.07.03"]

1. d4 d5 2. e3 Nf6 3. Bd3 e6 4. Nd2 b6 5. c3 Bb7 6. f4 Nbd7 7. Ngf3 Ne4 8. O-O Be7 9. Ne5 O-O 10. Ndf3 f6 11. Nxd7 Qxd7 12. Bd2 c5 13. Qe2 c4 14. Bc2 Rac8 15. Kh1 Bd6 1/2-1/2

[Event "Cseppko op-A 11th"]
[Site "?"]
[Date "2001.07.19"]
[Round "5"]
[White "Dede Erno"]
[Black "Toth Gyula"]
[Result "1-0"]
[WhiteElo "2366"]
[BlackElo "2169"]
[PlyCount "45"]
[EventDate "2001.??.??"]
[Source "www.chesslib.no"]
[SourceDate "2004.05.04"]

1. d4 d5 2. e3 Nf6 3. Bd3 Nbd7 4. f4 c5 5. c3 Ne4 6. Nd2 cxd4 7. exd4 Ndf6 8. Ngf3 e6 9. Qe2 Nxd2 10. Bxd2 Bd6 11. Ne5 Qe7 12. O-O Bd7 13. a4 g6 14. Be1 Qd8 15. Bh4 Be7 16. f5 O-O 17. Rae1 gxf5 18. Bxf5 Bxa4 19. Bxf6 Bxf6 20. Bxh7+ Kxh7 21. Qh5+ Kg7 22. Re3 Bc2 23. Rg3+ 1-0

[Event "ROM-ch sf"]
[Site "?"]
[Date "2000.??.??"]
[Round "2"]
[White "Smida Josif"]
[Black "Manole Vasile"]
[Result "1/2-1/2"]
[WhiteElo "2192"]
[BlackElo "2337"]
[PlyCount "158"]
[EventDate "2000.??.??"]
[Source "www.chesslib.no"]
[SourceDate "2004.05.04"]

1. d4 d5 2. e3 Nf6 3. Bd3 c5 4. c3 Nc6 5. f4 Bg4 6. Nf3 e6 7. O-O Ne4 8. Nbd2 f5 9. Qa4 Bxf3 10. Nxf3 Bd6 11. Bxe4 fxe4 12. Ng5 Qe7 13. Qd1 O-O 14. Bd2 h6 15. Nh3 b5 16. Qe2 Rab8 17. a3 a5 18. dxc5 Bxc5 19. b4 Bd6 20. Rad1 Qa7 21. Kh1 g6 22. Be1 axb4 23. axb4 Qg7 24. Nf2 Be7 25. g4 Bf6 26. Rc1 Qe7 27. Rg1 Bg7 28. Rc2 Qb7 29. Nh3 Ra8 30. Bg3 Kh7 31. Nf2 Ra3 32. Nd1 Ne7 33. Bh4 Nc8 34. Bg3 Qc6 35. Be1 Nb6 36. h4 Ra1 37. h5 g5 38. Bg3 Nc4 39. Rf1 Qd7 40. Ra2 Rxa2 41. Qxa2 Qb7 42. Qe2 Qa7 43. Kg1 gxf4 44. Bxf4 Qe7 45. Kg2 Ra8 46. Kh3 Rf8 47. Rg1 Bf6 48. Qa2 Bg5 49. Rf1 Qg7 50. Qe2 Bd8 51. Bg3 Bb6 52. Rf4 e5 53. Rf2 Kg8 54. Bh4 Rxf2 55. Qxf2 Qf7 56. Kg2 Qxf2+ 57. Bxf2 Bd8 58. Kf1 Bg5 59. Ke2 Kf7 60. Bg3 Ke6 61. Bf2 Nd6 62. Kf1 Be7 63. Bg3 Bf6 64. Bf2 Bg5 65. Ke2 Ne8 66. Bg3 Nf6 67. Nf2 Nd7 68. Nh3 Bf6 69. Nf2 Nb6 70. Nh3 Na4 71. Kd2 Nb2 72. Ke2 Nc4 73. Bf2 Be7 74. Be1 Nd6 75. Bg3 Ne8 76. Be1 Nf6 77. Nf2 Nh7 78. Nh3 Bg5 79. Bg3 Nf6 1/2-1/2

[Event "Politiken Cup"]
[Site "?"]
[Date "2000.07.19"]
[Round "3"]
[White "Fant Goran"]
[Black "Pedersen Steffen"]
[Result "1-0"]
[WhiteElo "2062"]
[BlackElo "2464"]
[PlyCount "67"]
[EventDate "2000.??.??"]
[Source "www.chesslib.no"]
[SourceDate "2004.05.04"]

1. d4 d5 2. e3 Nf6 3. Bd3 Bg4 4. f3 Bh5 5. Ne2 Nbd7 6. Ng3 e5 7. c3 c6 8. Nxh5 Nxh5 9. O-O Nhf6 10. f4 e4 11. Be2 Be7 12. Bd2 Nf8 13. Be1 N6d7 14. Nd2 f5 15. Kh1 Nf6 16. Bh4 N8d7 17. Bg5 O-O 18. Bxf6 Nxf6 19. Rg1 Kh8 20. g4 Nxg4 21. Bxg4 fxg4 22. Qxg4 g5 23. h4 Rg8 24. hxg5 Qd6 25. Rg2 Rg6 26. Rag1 Rag8 27. Qh3 R8g7 28. Nf1 h6 29. Rh2 Rh7 30. Qh5 Qe6 31. Ng3 Qf7 32. gxh6 Rgxh6 33. Qxh6 Rxh6 34. Rxh6+ 1-0

[Event "HUN-chT2 0102"]
[Site "?"]
[Date "2001.11.18"]
[Round "3"]
[White "Dede Erno"]
[Black "Braun Marton"]
[Result "1-0"]
[WhiteElo "2366"]
[BlackElo "2152"]
[PlyCount "55"]
[EventDate "2001.??.??"]
[Source "www.chesslib.no"]
[SourceDate "2004.05.04"]

1. d4 d5 2. e3 Nf6 3. Bd3 c5 4. c3 Nc6 5. f4 g6 6. Nf3 Bg7 7. O-O O-O 8. Nbd2 b6 9. Ne5 Qc7 10. Qe1 Nd7 11. Nxc6 Qxc6 12. Nf3 f6 13. e4 Bb7 14. e5 a5 15. e6 Nb8 16. f5 Ba6 17. Bxa6 Nxa6 18. fxg6 hxg6 19. Nh4 Qe8 20. Qg3 g5 21. Nf5 Ra7 22. Bxg5 Qg6 23. Qd3 Qxg5 24. Rf3 c4 25. Qc2 Qh5 26. Rh3 Qxh3 27. gxh3 Kh8 28. Qe2 1-0

[Event "Heart of Finland op"]
[Site "?"]
[Date "1996.??.??"]
[Round "7"]
[White "Hellstrom Ake"]
[Black "Vooremaa Andres"]
[Result "0-1"]
[WhiteElo "2245"]
[BlackElo "2270"]
[PlyCount "104"]
[EventDate "1996.??.??"]
[Source "www.chesslib.no"]
[SourceDate "2004.05.04"]

1. d4 d5 2. e3 Nf6 3. Bd3 g6 4. Nd2 Bg7 5. f4 b6 6. c3 O-O 7. Qf3 Ba6 8. Bc2 c5 9. Nh3 Nc6 10. Nf2 Rc8 11. Bd1 e6 12. g4 Nd7 13. g5 cxd4 14. exd4 e5 15. Qxd5 exd4 16. Nde4 dxc3 17. bxc3 Nc5 18. Qxd8 Rcxd8 19. Bd2 Nxe4 20. Nxe4 Rfe8 21. Bf3 Bd3 22. O-O-O Bxe4 23. Bxe4 Rxe4 24. Rhe1 Rxe1 25. Rxe1 Kf8 26. Kc2 Re8 27. Rh1 Na5 28. h4 Nc4 29. Bc1 h5 30. gxh6 Bxh6 31. h5 Ne3+ 32. Kd3 Nf5 33. hxg6 fxg6 34. Kc4 Re2 35. a4 Bxf4 36. Bxf4 Re4+ 37. Kb5 Rxf4 38. Rh8+ Kf7 39. Ra8 a5 40. Kxb6 Rxa4 41. Kb5 Ra1 42. c4 a4 43. Kb4 a3 44. Kb3 g5 45. c5 g4 46. Ra4 g3 47. Rg4 a2 48. Kb2 Rc1 49. Kxa2 Rxc5 50. Kb2 Rc6 51. Rg5 Kf6 52. Rg4 Rc7 0-1

[Event "HUN-chT3 9899"]
[Site "?"]
[Date "1999.03.07"]
[Round "9"]
[White "Gallai Janos"]
[Black "Harmatosi Jozsef"]
[Result "0-1"]
[WhiteElo "2290"]
[BlackElo "2207"]
[PlyCount "72"]
[EventDate "1999.??.??"]
[Source "www.chesslib.no"]
[SourceDate "2004.05.04"]

1. d4 d5 2. e3 Nf6 3. Bd3 Bg4 4. Nf3 Nbd7 5. Nbd2 e5 6. Be2 e4 7. Ng1 h5 8. h3 Bf5 9. c3 Bd6 10. Qb3 Rb8 11. c4 c6 12. Nb1 a6 13. Nc3 Be6 14. Bd2 b5 15. Bf1 Nb6 16. Nge2 Nxc4 17. g3 h4 18. g4 Nd7 19. Nf4 Ndb6 20. Be2 O-O 21. Bc1 Qf6 22. a3 Bxf4 23. exf4 Qxd4 24. O-O f5 25. Kg2 Qc5 26. gxf5 Bxf5 27. Bg4 d4 28. Nd1 Nd5 29. Re1 Bxg4 30. hxg4 Nxf4+ 31. Kh2 Rbe8 32. Qc2 Nd3 33. Rxe4 Rxe4 34. Qxd3 Rxg4 35. f4 Rg3 36. Qe4 d3 0-1